Computer networks (Record no. 170525)

MARC details
000 -LEADER
fixed length control field 00392nam a2200157Ia 4500
008 - FIXED-LENGTH DATA ELEMENTS--GENERAL INFORMATION
fixed length control field 231217s9999 xx 000 0 und d
041 ## - LANGUAGE CODE
Language code of text/sound track or separate title English
082 ## - DEWEY DECIMAL CLASSIFICATION NUMBER
Classification number 001.64404 TAN;37 R1
100 ## - MAIN ENTRY--PERSONAL NAME
Personal name Tanenbaum, Andrew S.
245 #0 - TITLE STATEMENT
Title Computer networks
250 ## - EDITION STATEMENT
Edition statement 4th ed.
260 ## - PUBLICATION, DISTRIBUTION, ETC.
Date of publication, distribution, etc. 2003
Name of publisher, distributor, etc. Preentice Hall
Place of publication, distribution, etc. New Delhi
300 ## - PHYSICAL DESCRIPTION
Extent xx+891
650 ## - SUBJECT ADDED ENTRY--TOPICAL TERM
Topical term or geographic name entry element Networks,computer
942 ## - ADDED ENTRY ELEMENTS (KOHA)
Koha item type Books
Holdings
Date last seen Total checkouts Full call number Accession number Cost, total (INR) price Price effective from Category Lost status Damaged status Department Withdrawn status Home library Current library Shelving location Entry date Vendor Cost, normal purchase price Grants Billnumber Billdate Currency symbol Conversion rate Discount Old discount
26/01/2024   001.64404 TAN;37 R1 24912 200.00 26/01/2024 Books     Central Library   Central Library Central Library Central Library 14/01/2004 Sai Books 250.00 MCA 243 11/04/2005 RS 1 50 20
26/01/2024   001.64404 TAN;38 24913 200.00 26/01/2024 Books     Central Library   Central Library Central Library Central Library 14/01/2004 Sai Books 250.00 MCA 243 11/04/2005 RS 1 50 20
26/01/2024   001.64404 TAN;39 24914 200.00 26/01/2024 Books     Central Library   Central Library Central Library Central Library 14/01/2004 Sai Books 250.00 MCA 243 11/04/2005 RS 1 50 20
26/01/2024   001.64404 TAN;40 24915 200.00 26/01/2024 Books     Central Library   Central Library Central Library Central Library 14/01/2004 Sai Books 250.00 MCA 243 11/04/2005 RS 1 50 20
26/01/2024   001.64404 TAN;41 24916 200.00 26/01/2024 Books     Central Library   Central Library Central Library Central Library 14/01/2004 Sai Books 250.00 MCA 243 11/04/2005 RS 1 50 20
26/01/2024   001.64404 TAN;42 24917 200.00 26/01/2024 Books     Central Library   Central Library Central Library Central Library 14/01/2004 Sai Books 250.00 MCA 243 11/04/2005 RS 1 50 20
26/01/2024   001.64404 TAN;43 24918 200.00 26/01/2024 Books     Central Library   Central Library Central Library Central Library 14/01/2004 Sai Books 250.00 MCA 243 11/04/2005 RS 1 50 20
26/01/2024   001.64404 TAN;44 24919 200.00 26/01/2024 Books     Central Library   Central Library Central Library Central Library 14/01/2004 Sai Books 250.00 MCA 243 11/04/2005 RS 1 50 20
26/01/2024   001.64404 TAN;45 24920 200.00 26/01/2024 Books     Central Library   Central Library Central Library Central Library 14/01/2004 Sai Books 250.00 MCA 243 11/04/2005 RS 1 50 20

© For any Suggestions or Query, please contact the library staff @ librarian@pes.edu or Phone: +9180 2672 1983/ 2108.